000 00490nam a2200181Ia 4500
003 GCL
008 140319s9999 xx 000 0 eng d
040 _aGCL /
_cGCL
082 0 4 _a005.1068
_bJ S
100 1 _aJENNER, MICHAEL
245 1 0 _aSOFTWARE QUALITY MANAGEMENT AND ISO 9001 /
_cJENNER, MICHAEL
260 _a[S.N] :
_bJOHN WILEY AND SONS. INC ،
_c1995
300 _a244 P
650 0 4 _aCOMPUTER SOFTWARE
650 0 4 _aQUALITY CONTROL
650 0 4 _aSTANDARDS
942 _2ddc
_cBK
999 _c25001
_d25001